000
00266 a2200133 4500
003
Nust
005
20170207154218.0
040
_c
Nust
082
_a
050
245
_a
Qasid-2011
260
_a
Rawalpindi
_b
MCS
_c
2011
300
_a
144p;
538
_a
Almirah No.137 Shelf No.1,2
942
_c
PRG
999
_c
195157
_d
195157